| 000 | 00642nam a2200181Ia 4500 | ||
|---|---|---|---|
| 008 | 090124s9999 xx 000 0 und d | ||
| 082 |
_b6304 _a177 |
||
| 100 | _aजोशी य.गो. (यशवंत गोपाळ) | ||
| 245 | _a अनौपचारिक मुलाखती | ||
| 250 | _a1 | ||
| 260 | _c1942 | ||
| 300 | _a130 | ||
| 600 | _aजोशी य.गो. (यशवंत गोपाळ) | ||
| 630 | _a अनौपचारिक मुलाखती | ||
| 700 | _aजोशी य.गो. (यशवंत गोपाळ) | ||
| 730 | _a अनौपचारिक मुलाखती | ||
| 942 | _cBOOK | ||
| 999 |
_c120245 _d120245 |
||